00745 a2200181 4500003000500000005001700005010001600022020001700038040000900055082001500064100001800079245008900097260003200186300002700218505023700245650004600482700003500528NUST20230525125224.0 a 80021496 a0030578884 : cNust00a004.16,CLA1 aClark, Jon D.10aComputer system selection :ban integrated approach /cJon D. Clark, Arnold Reisman. aNew York :bPraeger,c1981. axiii, 220 p. ;c25 cm. aIntroduction (Page-1), Problem Definition And Formulation (Page-7), Financial Considerations (Page-15), Taxation Considerations (Page-41), A General Decision Model (Page-67), The Criterion Function (Page-81), A Case Study (Page-97). 0aElectronic digital computersxPurchasing.1 aReisman, Arnold,d1934 Aug. 2-